Responses for Show #6257 - Tuesday, November 29, 2011

Contestants

[<< previous game]

Mary Redling, an operations manager from Huntington, West Virginia

Kiran Kedlaya, a math professor originally from Boston, Massachusetts

Kendra Anspaugh, a community college instructor from New Orleans, Louisiana (whose 2-day cash winnings total $61,300)

[next game >>]

Jeopardy! Round responses

EVENING CONSTITUTIONAL
STADIUM FOOD
LATIN BODY PARTS
-OLOGIES
THE CONSTRUCTION CREW
THE WRECKING CREW
    $200 6
Patrick Henry

Kiran
    $200 10
pickles

Kendra
    $200 1
a finger

Kiran
    $200 15
meteorology

Kiran
    $200 20
the foreman

Kiran
    $200 26
The Beach Boys

Mary
    $400 7
(Kendra: What is sign the Constitution?)

ratify the Constitution

KendraKiran
    $400 11
Heinz Field

Mary
    $400 2
the head

Kiran
    $400 16
(Mary: What is sociology?)

anthropology

KiranMary
    $400 22
an insulator

Kiran
    $400 27
The Monkees

Kiran
    $600 8
slavery

Kiran
    $600 12
a Dodger Dog

Kendra
    $600 3
the belly button

Kiran
    $600 17
(Alex: Boy oh boy, you gave the tough response!)

roentgenology (or radiology)

Kendra
    $600 23
a mason

Mary
    $600 28
Shaft

Kendra
    $800 9
(Kiran: Who was Thomas Jefferson?)

James Madison

KendraKiran
    $1,200 13
(Kendra: [During applause] Mmm. Sounds delicious.)

a pretzel

Kendra
    $800 4
the arm

Kiran
    $800 18
theology

Mary
    $800 24
(Kendra: What is a [*]er?)

plaster

Kendra
    $800 29
the Tijuana Brass

Kiran
    $1000 21
the National Archives

Kiran
    $1000 14
empanadas

Mary
    $1000 5
(Alex: Hey! Well done.) [Applause for Kiran's run of the category]
(Alex: You know your Latin, and you're fast on that signaling device.)

the ear

Kiran
    $1000 19
muscles

Kendra
    $1000 25
welding

Kiran
    $1000 30
[Alex initially gave the title as [*]s; after the break he corrected himself.]

"Bridge Over Troubled Water"

Triple Stumper

Scores at the first commercial break (after clue 15):

Kendra Kiran Mary
$2,400 $3,600 $1,400

Scores at the end of the Jeopardy! Round:

Kendra Kiran Mary
$5,400 $7,800 $2,600

Double Jeopardy! Round responses

SCIENCE
ODD WORDS
'90s NOVELS
MOAT POINTS
INVENTIONS FOR THE HOME
MUST "C" TV
    $400 6
helium

Mary
    $400 1
cut off tails

Mary
    $400 16
Tom Clancy

Mary
    $400 18
a drawbridge

Kiran
    $400 23
an electrical plug

Mary
    $400 7
Curb Your Enthusiasm

Kendra
    $800 8
yellow

Mary
    $800 2
(Alex: Yeah, we'll accept that. Any [*], actually.)

a coin (a penny accepted)

Kiran
    $800 17
All the Pretty Horses

Kendra
    $800 19
Wales

Kendra
    $800 24
a doorbell

Kiran
    $800 9
Cougar Town

Mary
    $1200 13
pressure

Kiran
    $1200 3
cottage cheese

Mary
    $1200 25
Bridget Jones's Diary

Mary
    $1200 20
the Louvre

Kiran
    $1200 28
the Cuisinart

Mary
    $1200 10
The Closer

Mary
    $1600 14
(Kendra: What is a mosquito?)

a fly

KendraMary
    $3,000 4
jerking

Mary
    $1600 26
The Witching Hour

Triple Stumper
    $1600 21
Tivoli

Kiran
    $1600 29
InSinkErator

Mary
    $1600 11
Criminal Minds

Mary
    $1,000 15
(Mary: I don't know.)

dextrose

Mary
    $2000 5
dreams

Kiran
    $2000 27
Rabbit at Rest

Kiran
    $2000 22
(Mary: What is Buenos Aires?)

Rio de Janeiro

KendraMary
    $2000 30
(Alex: A woven-wire [*]--Simmons? BeautyRest?)

mattress

Triple Stumper
    $2000 12
The Cleveland Show

Kendra

Scores at the end of the Double Jeopardy! Round:

Kendra Kiran Mary
$9,800 $17,800 $15,400

[wagering suggestions for these scores]

Final Jeopardy! Round responses

TOYS
KendraWhat is a Slinky?
$9,800
MaryWhat is boomerang?
$10,000
KiranWhat is the Slinky?
$13,001
the Slinky

Final scores:

Kendra Kiran Mary
$19,600 $30,801 $5,400
2nd place: $2,000 New champion: $30,801 3rd place: $1,000

Game dynamics:

Coryat scores:

Kendra Kiran Mary
$9,400 $17,800 $15,000
13 R
(including 1 DD),
2 W
24 R,
1 W
19 R
(including 1 DD),
3 W
(including 1 DD)

Combined Coryat: $42,200

[game clues] [game scores] [suggest correction]

Game tape date: 2011-10-11
The J! Archive is created by fans, for fans. Scraping, republication, monetization, and malicious use prohibited; this site may use cookies and collect identifying information. See terms. The Jeopardy! game show and all elements thereof, including but not limited to copyright and trademark thereto, are the property of Jeopardy Productions, Inc. and are protected under law. This website is not affiliated with, sponsored by, or operated by Jeopardy Productions, Inc. Join the discussion at JBoard.tv.